000 00514nam a22001937a 4500
003 OSt
005 20251010120835.0
008 251010b |||||||| |||| 00| 0 eng d
020 _a9781489988904
040 _cDDC
082 _a621.31 VUK 2013
100 _aVukosavic, Slobodan N.
_919452
245 _aElectrical Machines
260 _aNew York; Springer, 2013
300 _axxxiii,649p. ill: 24cm
504 _aBibliography, & Index included
650 _aElectrical machines
_912839
942 _2ddc
_cO_SHELF
999 _c9557
_d9557